Guessing the Taylor Swift Song 9 - Statistics

General Stats
  • This quiz has been taken 28 times
  • The average score is 134 of 235
Answer Stats
Answer % Correct
I
100%
You
94%
you
94%
you.
94%
a
88%
me.
81%
your
81%
Your
81%
be
75%
in
75%
In
75%
of
75%
The
75%
the
75%
I'm
69%
it
69%
It
69%
my
69%
was
69%
We
69%
we
69%
and
63%
And
63%
out
63%
out,
63%
so
63%
Then
63%
were
63%
woods
63%
woods?
63%
at
56%
clear
56%
on
56%
When
56%
when
56%
all
50%
Are
50%
back
50%
But
50%
came
50%
did
50%
just
50%
like
50%
now
50%
to
50%
To
50%
too
50%
us
50%
yet?
50%
yet,
50%
yet...?
50%
20
44%
black
44%
color
44%
couch
44%
good.
44%
Good!
44%
hit
44%
hospital
44%
Looking
44%
looking
44%
neck
44%
polaroid
44%
remember
44%
Remember
44%
remember...
44%
rest
44%
room
44%
screaming
44%
simple
44%
soon
44%
sun
44%
thinking...
44%
together
44%
Two
44%
up
44%
white
44%
world
44%
airplanes
38%
apart
38%
brakes
38%
crying,
38%
discovered
38%
fall
38%
flying...
38%
free
38%
monsters
38%
said
38%
seems
38%
stitches
38%
take
38%
took
38%
trees
38%
Baby
31%
chance
31%
could
31%
couldn't
31%
dance
31%
forget
31%
from
31%
hanging
31%
heat
31%
lying
31%
move
31%
necklace
31%
night
31%
paper
31%
setting
31%
started
31%
turned
31%
built
25%
decided
25%
furniture
25%
quite
25%
stood
25%
walked
25%
december
19%
Last
19%
No matching quizzes found
Score Distribution
Percent of People with Each Score
Percentile by Number Answered
Your Score History
You have not taken this quiz